000 00412pam a2200157a 44500
008 230515b1986 xxu||||| |||| 00| 0 eng d
020 _aNULL
041 _aENGL
082 _a657.3 JOS.
100 _a"JOSHI S. R.,"
245 _aREADING & ANALYSING OF A BALANCE SHEET
250 _a0
260 _aNAGPUR
_bCENTRAL BORD FOR WORKERS EDUCATION
_c1986
300 _aNULL
650 _a"ACCOUNTING,BALANCE SHEET"
999 _c539077
_d539077